Usul fiqih untuk Madrasah Aliyah Agama Islam Negeri (MAAIN) dan yang sederajat

Bibliographic Details
Main Author: Ahmad, Zainal Abidin , 1911- (Author)
Format: Book
Published: Jakarta : Bulan Bintang , 1981
Subjects:

MARC

LEADER 00000cam a2200000 7i4500
001 0000004464
005 20230607093000.0
008 021118s1981
090 0 0 |a BP143.A1   |b A35 
100 0 |a Ahmad, Zainal Abidin ,   |d 1911- ,   |e author 
245 0 0 |a Usul fiqih untuk Madrasah Aliyah Agama Islam Negeri (MAAIN) dan yang sederajat   |c Zainal Abidin Ahmad 
260 2 |a Jakarta :   |b Bulan Bintang ,   |c 1981 
300 |a 236 ms. ;   |c 21 sm. 
650 0 |a Islamic law   |v Sources 
650 0 |a Islamic law   |x Interpretation and construction 
999 |a 1000003196   |b Book   |c OPEN SHELF (30 DAYS)   |e Gong Badak Campus 
999 |a 1000003198   |b Book   |c OPEN SHELF (30 DAYS)   |e Gong Badak Campus 
999 |a 1000070098   |b Book   |c OPEN SHELF (30 DAYS)   |e Gong Badak Campus